000
00243nam a2200097Ia 4500
001
719089
005
20250826163036.0
008
250824s9999 xx 000 0 und d
245
0
_a
İKİ DÜNYA ARASINDA
_c
CORCI ZEYDAN
260
_b
PANAMA YAYINLARI
999
_c
719089
_d
719089